| 000 | 00710nam a22002295a 4500 | ||
|---|---|---|---|
| 005 | 20150818150916.0 | ||
| 008 | 150805t1994 a frb 001 0 eng d | ||
| 020 | _a0890067201 | ||
| 040 |
_aEG-ScBUE _beng _cEG-ScBUE |
||
| 082 | 0 | 4 |
_a621.381335 _bGIL _222 |
| 100 | 1 | _aGilmour, A. S. | |
| 245 | 1 | 0 |
_aPrinciples of traveling wave tubes / _cA.S. Gilmour, Jr. |
| 260 |
_aNorwood : _bArtech House, _cc.1994. |
||
| 300 |
_axiii, 625 p. : _bill. ; _c20 cm. |
||
| 500 | _aIncludes index. | ||
| 504 | _aIncludes bibliographical references. | ||
| 650 |
_aTraveling-wave tubes. _2BUEsh |
||
| 651 | _2BUEsh | ||
| 653 |
_bENGGEN _cAugust2015 |
||
| 655 |
_vreading book _934232 |
||
| 942 | _k621.381335 GIL | ||
| 999 |
_c9480 _d9480 |
||